| 000 | 00938nam a22003257a 4500 | ||
|---|---|---|---|
| 001 | 0003712 | ||
| 003 | KOHA_MİRAKIL | ||
| 005 | 20260207001345.0 | ||
| 007 | ta | ||
| 008 | 090415b1992 tu |||gr||||#||||0|tur | | ||
| 020 | _a9754940002 | ||
| 040 |
_aTR-BiSEU _btur _cTR-BiSEU _erda |
||
| 041 | 0 | _atur | |
| 044 | _ctu | ||
| 050 |
_aJA71 _b.K37 1992 |
||
| 100 | 1 | _aKapani, Münci. | |
| 245 | 1 |
_aPolitika bilimine giriş/ _cMünci Kapani ; Münci Kapani. |
|
| 264 | 1 |
_aAnkara : _bBilgi, 1992 _c1992 |
|
| 300 | _a227 sayfa | ||
| 336 |
_ametin _btxt _2rdacontent |
||
| 337 |
_aaracısız _bn _2rdamedia |
||
| 338 |
_acilt _bnc _2rdacarrier |
||
| 490 | 1 |
_aBilgi yayınları/Bilgi dizisi ; _v46/2. |
|
| 650 | 0 |
_aPolitika Bilimi. _99028 |
|
| 650 | 0 |
_aSiyaset Bilimi. _98743 |
|
| 650 | 0 |
_aSiyasal Bilimler. _93272 |
|
| 650 | 0 |
_aPolitical science. _98744 |
|
| 830 | 1 |
_aBilgi yayınları/Bilgi dizisi ; _v46/2. _99029 |
|
| 942 |
_2lcc _cBK |
||
| 999 |
_c3696 _d3696 |
||